| 000 | 00447nam a2200169 a 4500 | ||
|---|---|---|---|
| 005 | 20140412111324.0 | ||
| 008 | 001109s19uu xx 00 eng d | ||
| 020 | _a81-7490-129-9 | ||
| 050 |
_aER _bFa11 1992 |
||
| 245 | _aFamous stories for children. | ||
| 260 |
_aVikas Marg. Delhi : _bDhangra Pub. House, _c1992. |
||
| 300 | _a24 p. ; ill. | ||
| 650 | _aCollections of literature | ||
| 650 | _aStories | ||
| 999 |
_c104496 _d104496 |
||